00325nam a2200109Ia 4500008004100000020001800041041000800059100001400067245009700081260002900178300000800207230822s2007 xx 000 0 und d a1 85732 437 4 aeng aMOORE A . aCONTEMPORARY STAINED GLASS, A GUIDE TO THE POTENTIAL OF MODERN STAINED GLASS IN ARCHITECTURE bOCTOPUS PUBLISHINGc2007 a144